000 00666nam a2200205 a 4500
001 000043621
005 20201002044901.0
008 140331s1970 sp 000 0 spa d
040 _aDO-SdBNP
_bspa
_cBNPHU
082 _a860.5
_bP393c
100 1 _aPemán, José María
_d1897-
_921946
245 1 0 _aCuentos sin importancia /
_cJosé María Pemán; prólogo Emilio Gascó Contell.
260 _aMadrid :
_bLibra,
_c1970.
300 _a192 p. ;
_c17 cm.
490 1 _aPurpura
_v15
650 4 _aCuentos españoles
_ySIGLO XX
_971444
650 4 _aLiteratura española
_ySIGLO XX
_93326
700 1 2 _aGascó Contell, Emilio
_eprol.
_971445
830 0 _aPurpura
_n15
_971446
999 _c43110
_d43110